10 Most Famous Cities in Andorra on a Map - Statistics

General Stats
  • This quiz has been taken 97 times
  • The average score is 4 of 10
Answers on the Map
Answers color-coded by a green-red scale on the quiz's map according to % correct below.
 
Answer Stats
Wiki Monthly Views Cityquiz Mention Rate Population Answers % Correct
46.01 K 39.32% 20.72 K Andorra la Vella
98%
2.93 K 0.25% 7.96 K Sant Julià de Lòria
51%
4.34 K 0.73% 15.51 K Les Escaldes
49%
3.66 K 0.65% 8.33 K Encamp
48%
3.12 K 0.35% 3.22 K Ordino
41%
3.11 K 0.28% 2.55 K Canillo
39%
3.32 K 0.36% 5.98 K La Massana
39%
5.98 K 0.30% 2.16 K El Pas de la Casa
28%
1.61 K - 3.32 K Santa Coloma d'Andorra
20%
3.56 K 0.23% 0.79 K Soldeu
16%
No matching quizzes found
Score Distribution
Percent of People with Each Score
Percentile by Number Answered
Your Score History
You have not taken this quiz